5HLuxD.jpg

KING HENRY VIII SENIOR AND PRIMARY SCHOOL LIBRARY OPAC

The Theban plays : (Record no. 2987)

000 -LEADER
fixed length control field 01048nam a22003131a 4500
001 - CONTROL NUMBER
control field 010711889
003 - CONTROL NUMBER IDENTIFIER
control field UkOxU
005 - DATE AND TIME OF LATEST TRANSACTION
control field 20230914105243.0
008 - FIXED-LENGTH DATA ELEMENTS--GENERAL INFORMATION
fixed length control field 930721s1986 enk 000 0 eng d
010 ## - LIBRARY OF CONGRESS CONTROL NUMBER
LC control number LC 86-228819
020 ## - INTERNATIONAL STANDARD BOOK NUMBER
International Standard Book Number 041342460X
020 ## - INTERNATIONAL STANDARD BOOK NUMBER
International Standard Book Number 9780413424600
035 ## - SYSTEM CONTROL NUMBER
System control number CURL Interim file ISBN26
040 ## - CATALOGING SOURCE
Transcribing agency KH8
043 ## - GEOGRAPHIC AREA CODE
Geographic area code e-gr---
082 ## - DEWEY DECIMAL CLASSIFICATION NUMBER
Classification number 882.01 SOP
100 0# - MAIN ENTRY--PERSONAL NAME
Personal name Sophocles,
Relator term author.
240 10 - UNIFORM TITLE
Uniform title Works.
Form subheading Selections
Language of a work English
Date of a work 1986
245 14 - TITLE STATEMENT
Title The Theban plays :
Remainder of title Oedipus the King ; Oedipus at Colonus ; Antigone /
Statement of responsibility, etc. translated and introduced by Don Taylor.
260 ## - PUBLICATION, DISTRIBUTION, ETC.
Place of publication, distribution, etc. London :
Name of publisher, distributor, etc. Methuen,
Date of publication, distribution, etc. 1986.
300 ## - PHYSICAL DESCRIPTION
Extent lii, 200 p ;
Dimensions 18 cm.
505 0# - FORMATTED CONTENTS NOTE
Formatted contents note Contents: Oedipus the King -- Oedipus at Colonus -- Antigone
600 00 - SUBJECT ADDED ENTRY--PERSONAL NAME
Personal name Sophocles
General subdivision Translations into English.
600 00 - SUBJECT ADDED ENTRY--PERSONAL NAME
Personal name Antigone
Titles and other words associated with a name (Mythological character)
Form subdivision Drama.
600 00 - SUBJECT ADDED ENTRY--PERSONAL NAME
Personal name Oedipus
Titles and other words associated with a name (Greek mythological figure)
Form subdivision Drama.
650 #0 - SUBJECT ADDED ENTRY--TOPICAL TERM
Topical term or geographic name entry element Seven against Thebes (Greek mythology)
General subdivision Drama.
830 #0 - SERIES ADDED ENTRY--UNIFORM TITLE
Uniform title World dramatists (Methuen)
942 ## - ADDED ENTRY ELEMENTS (KOHA)
Source of classification or shelving scheme
Koha item type Teaching Resources
Holdings
Withdrawn status Lost status Source of classification or shelving scheme Damaged status Not for loan Collection code Permanent Location Current Location Shelving location Date acquired Full call number Barcode Date last seen Price effective from Koha item type
          Teaching Resources KH8 Senior School Library KH8 Senior School Library Staff Office 2023-09-14 882.01 SOP TRKHSL003153 2023-09-14 2023-09-14 Teaching Resources
          Teaching Resources KH8 Senior School Library KH8 Senior School Library Staff Office 2023-09-14 882.01 SOP TRKHSL003154 2023-09-14 2023-09-14 Teaching Resources
          Teaching Resources KH8 Senior School Library KH8 Senior School Library Staff Office 2023-09-14 882.01 SOP TRKHSL003155 2023-09-14 2023-09-14 Teaching Resources
          Teaching Resources KH8 Senior School Library KH8 Senior School Library Staff Office 2023-09-14 882.01 SOP TRKHSL003156 2023-09-14 2023-09-14 Teaching Resources
          Teaching Resources KH8 Senior School Library KH8 Senior School Library Staff Office 2023-09-14 882.01 SOP TRKHSL003157 2023-09-14 2023-09-14 Teaching Resources
          Teaching Resources KH8 Senior School Library KH8 Senior School Library Staff Office 2023-09-14 882.01 SOP TRKHSL003158 2023-09-14 2023-09-14 Teaching Resources

Powered By KH8 IT Dept